| 000 | 00806nam a2200217Ia 4500 | ||
|---|---|---|---|
| 003 | GCL | ||
| 008 | 140319s9999 xx 000 0 ara d | ||
| 020 | _a5036383977 | ||
| 040 |
_aGCL / _cGCL |
||
| 082 | 0 | 4 |
_a338.951 _bأ ت |
| 100 | 1 | _aابراهيم الاخرس | |
| 245 | 1 | 0 |
_aالتجربة الصينية الحديثة فى النمو : _bهل يمكن الاقتداء بها00؟ / _cابراهيم الاخرس |
| 250 | _aالاولى | ||
| 260 |
_aالقاهرة : _bايتراك للنشر والتوزيع ، _c2005 |
||
| 300 |
_a341ص ؛ _c24سم |
||
| 650 | 0 | 4 | _aالاقتصاد الكلى |
| 650 | 0 | 4 | _aالتنمية الاقتصادية |
| 650 | 0 | 4 | _aالصين - الاحوال الاقتصادية |
| 650 | 0 | 4 | _aالتنمية الاقتصادية - بحوث |
| 942 |
_2ddc _cBK |
||
| 999 |
_c46305 _d46305 |
||